ARRUPE JESUIT UNIVERSITY

CORONAVIRUS -STOP THE SPREAD - CLEAN,DISINFECT,COVER

The necessity of pragmatism : (Record no. 127876)

MARC details
000 -LEADER
fixed length control field 01052cam a2200253 a 4500
001 - CONTROL NUMBER
control field 12124845
003 - CONTROL NUMBER IDENTIFIER
control field ARRUPE
005 - DATE AND TIME OF LATEST TRANSACTION
control field 20180406125114.0
008 - FIXED-LENGTH DATA ELEMENTS--GENERAL INFORMATION
fixed length control field 000731r20011986ilu b 001 0 eng
010 ## - LIBRARY OF CONGRESS CONTROL NUMBER
LC control number 00061953
020 ## - INTERNATIONAL STANDARD BOOK NUMBER
International Standard Book Number 0252069544 (pbk. : alk. paper)
040 ## - CATALOGING SOURCE
Original cataloging agency DLC
Transcribing agency DLC
Modifying agency DLC
050 00 - LIBRARY OF CONGRESS CALL NUMBER
Classification number B945.D44
Item number S58 2001
082 00 - DEWEY DECIMAL CLASSIFICATION NUMBER
Classification number 191
Edition number 21
300 ## - PHYSICAL DESCRIPTION
Dimensions 24 cm.
100 1# - MAIN ENTRY--PERSONAL NAME
Personal name Sleeper, R. W.,
Dates associated with a name 1925-
9 (RLIN) 41344
245 14 - TITLE STATEMENT
Title The necessity of pragmatism :
Remainder of title John Dewey's conception of philosophy /
Statement of responsibility, etc R.W. Sleeper ; introduction by Tom Burke.
250 ## - EDITION STATEMENT
Edition statement 1st pbk. ed.
260 ## - PUBLICATION, DISTRIBUTION, ETC. (IMPRINT)
Place of publication, distribution, etc Urbana :
Name of publisher, distributor, etc University of Illinois Press,
Date of publication, distribution, etc 2001.
300 ## - PHYSICAL DESCRIPTION
Extent xxviii, 326 p. ;
500 ## - GENERAL NOTE
General note Originally published: New Haven : Yale University Press, c1986.
504 ## - BIBLIOGRAPHY, ETC. NOTE
Bibliography, etc Includes bibliographical references (p. 215-229) and index.
600 10 - SUBJECT ADDED ENTRY--PERSONAL NAME
Personal name Dewey, John,
Dates associated with a name 1859-1952.
9 (RLIN) 611
906 ## - LOCAL DATA ELEMENT F, LDF (RLIN)
a 7
b cbc
c orignew
d 1
e ocip
f 20
g y-gencatlg
942 ## - ADDED ENTRY ELEMENTS (KOHA)
Source of classification or shelving scheme Library of Congress Classification
Koha item type Monograph ( Printed materials)
Holdings
Withdrawn status Lost status Source of classification or shelving scheme Damaged status Not for loan Collection code Home library Current library Shelving location Date acquired Total Checkouts Full call number Barcode Date last seen Date checked out Price effective from Koha item type
    Library of Congress Classification     Main Collection ARRUPE LIBRARY ARRUPE LIBRARY Main Collection 06/04/2018 1 B945.D44 S58 2001 46600001727 11/11/2019 28/10/2019 06/04/2018 Monograph ( Printed materials)

 

Arrupe Library. PO Box MP320 Mt Pleasant, Harare, Zimbabwe
263 242 745411|librarian@aju.ac.zw